Statistics for Characters of The Binding Of Isaac

Click here to take the quiz!

General Stats

  • This quiz has been taken 274 times
  • The average score is 15 of 17

Answer Stats

Characters% Correct
Isaac
100%
Cain
98%
Judas
96%
Azazel
95%
Eve
95%
The lost
95%
Samson
93%
Blue Baby
90%
Keeper
90%
Lazarus
90%
The Forgotten
90%
Jacob & Essau
88%
Bethany
86%
Eden
86%
Lilith
85%
Maggy
83%
Apollyon
78%

Score Distribution

Percentile by Number Answered

Percent of People with Each Score

Your Score History

You have not taken this quiz